banner-ar

KNOTS: MORE THAN 50 OF THE MOST USEFUL KNOTS CAMPING , SAILING, AND CLIMBING / (Record no. 22365)

MARC details
000 -الفاتح
حقل البيانات ثابتة الطول 00511nam a2200193Ia 4500
008 - عناصر البيانات ثابتة الطول - معلومات عامة
حقل البيانات ثابتة الطول 140319s9999 xx 000 0 eng d
040 ## - مصدر الفهرسة
وكالة الفهرسة الأصلية GCL /
وكالة النسخ GCL
082 04 - رقم تصنيف ديوى العشرى
رقم التصنيف 623.8882
رقم المادة O K
100 1# - المدخل الرئيسى - إسم شخصى
الإسم الشخصى OWEN, PETER
245 10 - بيان العنوان
العنوان KNOTS: MORE THAN 50 OF THE MOST USEFUL KNOTS CAMPING , SAILING, AND CLIMBING /
بيان المسئوليه,etc OWEN, PETER
260 ## - PUBLICATION, DISTRIBUTION, ETC. (IMPRINT)
تاريخ النشر أو التوزيع 1993
300 ## - الوصف المادى
التعداد 80 P
650 04 - المدخل الاضافى بالموضوع-مصطلح موضوعى
مصطلح موضوعي CLIMBING
650 04 - المدخل الاضافى بالموضوع-مصطلح موضوعى
مصطلح موضوعي SAILING
650 04 - المدخل الاضافى بالموضوع-مصطلح موضوعى
مصطلح موضوعي KNOTS
650 04 - المدخل الاضافى بالموضوع-مصطلح موضوعى
مصطلح موضوعي CAMPING
942 ## - عناصر المدخل الإضافي( كوها)
مصدر التصنيف او مخطط الترفيف Dewey Decimal Classification
Koha [default] item type كتاب
260 ## - PUBLICATION, DISTRIBUTION, ETC. (IMPRINT)
-- [S.N] :
-- THE APPLE PRESS ،
Holdings
حالة التراجع حالة الفقد حالة تلف ليس للاعارة المكان المؤقت الموقع الحالى تاريخ الاكتساب اجمالي اﻻعارات رقم الطلب الباركود تاريخ اخر مشاهدة تاريخ تفعيل السعر نوع وعاء كوها
        مكتبة القاهرة الكبرى مكتبة القاهرة الكبرى 03/26/2014   623.8882\O K 40630 03/26/2014 03/26/2014 كتاب

Powered By

EGPV